Miasta w Polsce z końcówką "-ik" - Nagła Śmierć - Statystyki

Ogólne statystyki
  • Ten quiz został rozwiązany 84 razy
  • Średni wynik to 6 z 7
Answers on the Grid
Answers color-coded by a green-red scale on the quiz's grid according to % correct below.
Chmielnik
Dalik
Kaletnik
Kolik
Kórnik
Kraśnik
Lotnik
Opornik
Potnik
Pruchnik
Prudnik
Rybnik
Setnik
Stalik
Świdnik
Zdanik
 
Statystyki odpowiedzi
Odpowiedź % Poprawnych
Rybnik
100%
Kraśnik
98%
Świdnik
98%
Prudnik
85%
Chmielnik
81%
Kórnik
77%
Pruchnik
62%
Nie znaleziono quizów pasujących do podanych kryteriów
Rozkład punktacji
Procent ludzi z każdym wynikiem
Percentyl według liczby udzielonych odpowiedzi
Twoja historia wyników
Nie rozwiązałeś tego quizu